| 000 | 00777nam a2200229 4500 | ||
|---|---|---|---|
| 001 | 119367 | ||
| 003 | ES-MaACL | ||
| 005 | 20230906191312.0 | ||
| 007 | t| | ||
| 008 | 070214s1969 sp r ||||1| spa d | ||
| 100 | 1 |
_aPhillips-Birt, D. _991706 |
|
| 245 | 1 | 0 |
_aManual de yates / _cD. Phillips-Birt ; ilustrado por Colin Mudic, revisado por A. D. G. Gunn, G. Sambrooke Sturgess, Alan Walts ; traducción de Federico Piera. |
| 250 | _a1ª. ed. | ||
| 260 |
_aBarcelona : _bBlume, _c1969. |
||
| 300 |
_a383 p., 21 lám. : _bil. ; _c21 cm. |
||
| 700 | 1 |
_aMudic, Colin. _984025 |
|
| 700 | 1 |
_aGunn, A. D. G. _960955 |
|
| 700 | 1 |
_aSambrooke Sturgess, G. _9102171 |
|
| 700 | 1 |
_aWalts, Alan. _9116026 |
|
| 700 | 1 |
_aPiera, Federico. _991923 |
|
| 852 |
_aES-MaACL _jC-36608 _bR.70365 |
||
| 999 |
_c119367 _d119367 |
||